[Event "4NCL/Div3/GLOSG vs. BRI3"]
[Site "Hinckley Island ENG"]
[Date "2010.02.21"]
[Round "6.6"]
[White "Taylor, John-Paul"]
[Black "Dodwell, Phil"]
[Result "0-1"]
[WhiteElo "1306"]
[BlackElo "1978"]
[PlyCount "90"]
[EventDate "2010.02.21"]
[SourceDate "2009.10.24"]

1. e4 e5 2. f4 exf4 3. Bc4 Nf6 4. Nc3 Bb4 5. e5 d5 6. Bb5+ c6 7. exf6 cxb5 8.
Qe2+ Be6 9. Qxb5+ Nc6 10. Qxb7 Rc8 11. fxg7 Rg8 12. Nf3 Rxg7 13. O-O Qb6+ 14.
Qxb6 axb6 15. Ne2 Bd6 16. d4 Nb4 17. c3 Nd3 18. Rd1 Bf5 19. Ne5 Bxe5 20. dxe5
Be4 21. Rxd3 Bxd3 22. Nxf4 Be4 23. Be3 Kd7 24. Bxb6 Bxg2 25. Kf2 Be4 26. Bd4
Rg4 27. Ke3 Rh4 28. b3 Rxh2 29. c4 Ra8 30. cxd5 Bf5 31. Rg1 Bg6 32. a4 Rb8 33.
Rc1 Rxb3+ 34. Rc3 Rb1 35. d6 Rc2 36. Rxc2 Bxc2 37. a5 Ba4 38. Nd5 Rb3+ 39. Kf4
Bc6 40. Nb6+ Ke6 41. Nc8 Rb4 42. Ke3 Ra4 43. Na7 Bd7 44. Bc3 h5 45. Kf3 Ra3 0-1

[Event "4NCL/Div3/CELT2 vs. BAB"]
[Site "Hinckley Island ENG"]
[Date "2010.02.21"]
[Round "6.1"]
[White "Thomas, Mark"]
[Black "Davies, Matthew"]
[Result "1-0"]
[WhiteElo "2049"]
[BlackElo "1956"]
[PlyCount "119"]
[EventDate "2010.02.21"]
[SourceDate "2009.10.24"]

1. e4 e6 2. Nf3 d5 3. e5 c5 4. b4 cxb4 5. a3 Nc6 6. axb4 Bxb4 7. c3 Ba5 8. d4
Nge7 9. Bd3 a6 10. O-O Ng6 11. Ba3 Qd7 12. Re1 Bd8 13. Bc1 Be7 14. g3 b6 15. h4
a5 16. Qe2 h5 17. Na3 O-O 18. Nh2 Qe8 19. Qxh5 Ba6 20. Bxa6 Rxa6 21. Qe2 Ra8
22. h5 Nh8 23. Nb5 Na7 24. Nc7 Qc6 25. Nxa8 Rxa8 26. Bd2 Nb5 27. Qd3 Na3 28. h6
Qc4 29. Qxc4 Nxc4 30. Nf1 Ng6 31. hxg7 Kxg7 32. Reb1 Nf8 33. Bc1 Nd7 34. f4 Kg6
35. g4 Rh8 36. Ra2 Rh3 37. Rf2 f5 38. exf6 Kxf6 39. f5 exf5 40. Rxf5+ Ke6 41.
Bf4 Nf6 42. Re1+ Ne4 43. Ng3 Ncd6 44. Nxe4 dxe4 45. Bxd6 Kxd6 46. Rxe4 Rxc3 47.
d5 Bd8 48. Re6+ Kd7 49. Rf7+ Kc8 50. Kf2 a4 51. Ra7 Rd3 52. Rd6 Bh4+ 53. Ke2
Rd4 54. Kf3 b5 55. Rc6+ Kb8 56. Rh7 Bd8 57. d6 Ba5 58. d7 Bc7 59. g5 Kb7 60.
d8=N+ 1-0

[Event "4NCL/Div3/CELT2 vs. BAB"]
[Site "Hinckley Island ENG"]
[Date "2010.02.21"]
[Round "6.2"]
[White "Carpenter, David J"]
[Black "Fathallah, Joe"]
[Result "1-0"]
[WhiteElo "1983"]
[BlackElo "1951"]
[PlyCount "115"]
[EventDate "2010.02.21"]
[SourceDate "2009.10.24"]

1. Nf3 f5 2. c4 Nf6 3. d4 g6 4. g3 Bg7 5. Bg2 O-O 6. O-O d6 7. Nc3 c6 8. Rb1
Qc7 9. Qc2 a5 10. a3 e5 11. e3 e4 12. Nd2 Be6 13. b4 axb4 14. axb4 b5 15. Ne2
bxc4 16. Nxc4 Bxc4 17. Qxc4+ d5 18. Qc3 Nbd7 19. Nf4 Rfc8 20. Ne6 Qb7 21. Bd2
Ne8 22. Nc5 Qc7 23. Ra1 Nd6 24. Rfc1 Nc4 25. Nxd7 Qxd7 26. Bf1 Nxd2 27. Qxd2
Rxa1 28. Rxa1 c5 29. bxc5 Rxc5 30. Ra8+ Rc8 31. Qa5 Rxa8 32. Qxa8+ Kf7 33. Ba6
f4 34. Bb7 fxe3 35. Bxd5+ Ke7 36. fxe3 Bh6 37. Qa3+ Qd6 38. Qa7+ Qd7 39. Qxd7+
Kxd7 40. Kf2 Bf8 41. Bxe4 Ke6 42. Ke2 Kf6 43. Kf3 Bb4 44. Bd3 Bc3 45. Bc4 h6
46. Ke4 Bd2 47. Kd3 Bb4 48. e4 Ba3 49. Bb3 h5 50. Ke3 g5 51. e5+ Kf5 52. Bc2+
Kg4 53. Bd1+ Kh3 54. Bxh5 g4 55. Kf4 Kxh2 56. Kxg4 Bb2 57. e6 Bxd4 58. e7 1-0

[Event "4NCL/Div3/CELT2 vs. BAB"]
[Site "Hinckley Island ENG"]
[Date "2010.02.21"]
[Round "6.3"]
[White "Wagner, Guy"]
[Black "Corcoran, Gary"]
[Result "1-0"]
[WhiteElo "1930"]
[BlackElo "1866"]
[PlyCount "93"]
[EventDate "2010.02.21"]
[SourceDate "2009.10.24"]

1. Nf3 Nf6 2. c4 g6 3. g3 Bg7 4. Bg2 Nc6 5. Nc3 e5 6. d3 O-O 7. O-O d6 8. Rb1
h6 9. b4 Nh5 10. e4 f5 11. Nd5 f4 12. gxf4 Nxf4 13. Nxf4 exf4 14. b5 Nd4 15.
Bb2 Bg4 16. Bxd4 Bxd4 17. Qb3 Bxf3 18. Bxf3 Kh7 19. e5 Bxe5 20. Kh1 Qh4 21.
Rbd1 Bd4 22. Rd2 g5 23. Bxb7 f3 24. Re1 Rfe8 25. Rxe8 Rxe8 26. Qd1 Bxf2 27.
Be4+ Kg8 28. Qxf3 Rf8 29. Qe2 Bd4 30. Bg2 Be5 31. Bd5+ Kg7 32. d4 Bxd4 33. Qe7+
Kg6 34. Qe4+ Qxe4+ 35. Bxe4+ Kh5 36. Rxd4 Rf4 37. Kg2 Kh4 38. a4 h5 39. a5 g4
40. a6 Rf6 41. Bc6 Re6 42. Rd2 Re3 43. Kf1 Rh3 44. Ke1 g3 45. hxg3+ Rxg3 46.
Kd1 Kg4 47. Kc2 1-0

[Event "4NCL/Div3/CELT2 vs. BAB"]
[Site "Hinckley Island ENG"]
[Date "2010.02.21"]
[Round "6.4"]
[White "Foster, William CE"]
[Black "Ryan, John"]
[Result "1/2-1/2"]
[WhiteElo "1800"]
[BlackElo "1920"]
[PlyCount "26"]
[EventDate "2010.02.21"]
[SourceDate "2009.10.24"]

1. c4 Nf6 2. Nc3 d5 3. cxd5 Nxd5 4. e4 Nxc3 5. dxc3 Qxd1+ 6. Kxd1 e5 7. Be3 Be6
8. Nf3 f6 9. Bb5+ Bd7 10. Bc4 Nc6 11. Ke2 O-O-O 12. Rad1 Be7 13. Rd2 Bg4
1/2-1/2

[Event "4NCL/Div3/CELT2 vs. BAB"]
[Site "Hinckley Island ENG"]
[Date "2010.02.21"]
[Round "6.5"]
[White "Buttell, David"]
[Black "Parry, Matthew"]
[Result "1-0"]
[WhiteElo "1761"]
[BlackElo "1794"]
[PlyCount "43"]
[EventDate "2010.02.21"]
[SourceDate "2009.10.24"]

1. d4 d5 2. c4 c6 3. Nf3 Nf6 4. Nc3 e6 5. cxd5 exd5 6. Qc2 Bd6 7. e3 Qe7 8. Be2
Ne4 9. Nxd5 Qe6 10. Nc3 Nxc3 11. bxc3 Qg4 12. e4 f5 13. e5 Be7 14. Kf1 O-O 15.
Ng5 Qh4 16. g3 Qh6 17. Bc4+ Rf7 18. Bxf7+ Kh8 19. h4 g6 20. Bc4 Qf8 21. Nf7+
Kg8 22. Bh6 1-0

[Event "4NCL/Div3/CELT2 vs. BAB"]
[Site "Hinckley Island ENG"]
[Date "2010.02.21"]
[Round "6.6"]
[White "Smith, Steve"]
[Black "Kitchen, Michael J"]
[Result "1-0"]
[WhiteElo "1542"]
[BlackElo "1602"]
[PlyCount "51"]
[EventDate "2010.02.21"]
[SourceDate "2009.10.24"]

1. e4 e6 2. d4 d5 3. e5 c5 4. c3 Nc6 5. Nf3 cxd4 6. cxd4 Qb6 7. a3 Nge7 8. b4
Nf5 9. Bb2 Be7 10. Be2 O-O 11. O-O Bd7 12. Kh1 f6 13. Nc3 Nfxd4 14. Nxd5 exd5
15. Nxd4 Nxd4 16. Bxd4 Qe6 17. exf6 Bxf6 18. Bxf6 Rxf6 19. Bf3 Qb6 20. Qxd5+
Be6 21. Qxb7 Rb8 22. Qxb6 Rxb6 23. Rfc1 Rf7 24. Kg1 g6 25. Rc6 Rxf3 26. Rxb6
1-0

[Event "4NCL/Div3/GUEM vs. OXF3"]
[Site "Hinckley Island ENG"]
[Date "2010.02.21"]
[Round "6.1"]
[White "Rowe, Peter"]
[Black "Wedge, David C"]
[Result "1/2-1/2"]
[WhiteElo "2023"]
[BlackElo "1954"]
[PlyCount "106"]
[EventDate "2010.02.21"]
[SourceDate "2009.10.24"]

1. d4 Nf6 2. Nf3 c5 3. e3 d5 4. c3 e6 5. Nbd2 Nc6 6. Bd3 Bd6 7. O-O O-O 8. Qe2
Qc7 9. dxc5 Bxc5 10. e4 dxe4 11. Nxe4 Nxe4 12. Qxe4 f5 13. Qc4 Bd6 14. h3 Kh8
15. Bc2 h6 16. Rd1 Ne5 17. Nxe5 Bxe5 18. Bb3 Qxc4 19. Bxc4 Bc7 20. Be3 e5 21.
Bc5 Rd8 22. Rxd8+ Bxd8 23. Rd1 Bf6 24. a4 g5 25. a5 e4 26. a6 bxa6 27. Bd4 Bxd4
28. Rxd4 Bb7 29. Rd6 Rb8 30. Rxh6+ Kg7 31. Rd6 a5 32. b3 f4 33. Kf1 f3 34. gxf3
exf3 35. Ke1 Re8+ 36. Re6 Rxe6+ 37. Bxe6 Kf6 38. Bg4 Ke5 39. Kd2 Ke4 40. Bd7
Ba8 41. Bb5 Bb7 42. Bd3+ Kf4 43. c4 Bc8 44. Bf1 Ke4 45. Kc3 Bd7 46. Bd3+ Ke5
47. Bf1 Bf5 48. b4 axb4+ 49. Kxb4 Kd6 50. c5+ Kc6 51. Bb5+ Kc7 52. Bf1 Bc8 53.
Bd3 Bxh3 1/2-1/2

[Event "4NCL/Div3/GUEM vs. OXF3"]
[Site "Hinckley Island ENG"]
[Date "2010.02.21"]
[Round "6.2"]
[White "Neatherway, A Philip"]
[Black "Ozanne, Mark S"]
[Result "1-0"]
[WhiteElo "1922"]
[BlackElo "2028"]
[PlyCount "77"]
[EventDate "2010.02.21"]
[SourceDate "2009.10.24"]

1. e4 e6 2. d3 c5 3. g3 Nc6 4. Bg2 g6 5. f4 d6 6. Nf3 Bg7 7. c3 Nge7 8. O-O O-O
9. a4 a6 10. Na3 Rb8 11. e5 dxe5 12. fxe5 b5 13. axb5 axb5 14. Qe2 Nd5 15. Bd2
Ba6 16. Nc2 Qb6 17. Ne3 Nxe3 18. Bxe3 Nxe5 19. Nxe5 Bxe5 20. b4 Bxc3 21. bxc5
Qa7 22. c6 Bd4 23. Bxd4 Qxd4+ 24. Qf2 Qb6 25. Rfc1 Bc8 26. c7 Qxf2+ 27. Kxf2
Rb6 28. Ra8 b4 29. Rb8 Rd6 30. Ke3 b3 31. Rxb3 e5 32. Rb8 Re6 33. Rxc8 Rxc8 34.
Bb7 Ree8 35. Bxc8 Rxc8 36. Ke4 Kf8 37. Kd5 Ke7 38. Kc6 f5 39. Re1 1-0

[Event "4NCL/Div3/GUEM vs. OXF3"]
[Site "Hinckley Island ENG"]
[Date "2010.02.21"]
[Round "6.3"]
[White "Carpenter, Paul"]
[Black "Terry, Sean"]
[Result "0-1"]
[WhiteElo "1826"]
[BlackElo "1867"]
[PlyCount "60"]
[EventDate "2010.02.21"]
[SourceDate "2009.10.24"]

1. d4 Nf6 2. e3 c5 3. Bd3 Nc6 4. c3 e5 5. dxe5 Nxe5 6. Nf3 Nxd3+ 7. Qxd3 d5 8.
Nbd2 Be6 9. O-O Bd6 10. Kh1 Bc7 11. Qb5+ Qd7 12. Qxd7+ Bxd7 13. Re1 Ne4 14.
Nxe4 dxe4 15. Nd2 Be6 16. Nb3 b6 17. Bd2 a5 18. Rac1 a4 19. Na1 Be5 20. Rc2
O-O-O 21. c4 Rd3 22. g3 Rhd8 23. Bc3 Bxc3 24. bxc3 Rd1 25. Rc1 Rxe1+ 26. Rxe1
Rd2 27. Kg2 Rxa2 28. Rc1 Bd7 29. Nc2 Be6 30. f3 Bxc4 0-1

[Event "4NCL/Div3/GUEM vs. OXF3"]
[Site "Hinckley Island ENG"]
[Date "2010.02.21"]
[Round "6.4"]
[White "Vikanis, Egils"]
[Black "Brookfield, Toby N"]
[Result "1-0"]
[WhiteElo "1762"]
[BlackElo "1796"]
[PlyCount "89"]
[EventDate "2010.02.21"]
[SourceDate "2009.10.24"]

1. e4 c5 2. Nf3 d6 3. Nc3 Nf6 4. d3 g6 5. Bg5 Bg7 6. Qd2 h6 7. Be3 Ng4 8. Be2
Nxe3 9. Qxe3 Qb6 10. O-O O-O 11. Rab1 Nc6 12. Nd5 Qd8 13. c3 e6 14. Nf4 g5 15.
Nh5 f5 16. exf5 Rxf5 17. Nxg7 Kxg7 18. d4 g4 19. Nd2 cxd4 20. cxd4 Qh4 21. Qe4
Qg5 22. Qxg4 Qxg4 23. Bxg4 Rf4 24. h3 Nxd4 25. Rbc1 Rxg4 26. Rc7+ Kf6 27. hxg4
d5 28. f3 b6 29. Kf2 Ba6 30. Rfc1 Ne2 31. R1c2 Bd3 32. Rc8 Rxc8 33. Rxc8 d4 34.
Ne4+ Ke5 35. Rh8 Nf4 36. Rxh6 Bxe4 37. fxe4 Kxe4 38. g3 Nd3+ 39. Ke2 Nxb2 40.
Rxe6+ Kd5 41. Re8 Nc4 42. g5 Ne5 43. Re7 d3+ 44. Ke3 a5 45. Rxe5+ 1-0

[Event "4NCL/Div3/GUEM vs. OXF3"]
[Site "Hinckley Island ENG"]
[Date "2010.02.21"]
[Round "6.5"]
[White "O'Connor, Jonathan T"]
[Black "Henbest, Kevin B"]
[Result "1-0"]
[WhiteElo "1675"]
[BlackElo "1722"]
[PlyCount "123"]
[EventDate "2010.02.21"]
[SourceDate "2009.10.24"]

1. e4 c5 2. d4 cxd4 3. c3 Nf6 4. e5 Nd5 5. cxd4 Nc6 6. Nf3 e6 7. Bc4 Nb6 8. Bb3
d5 9. O-O Be7 10. Nc3 a6 11. Qe2 Bd7 12. Rd1 Rc8 13. Be3 Na5 14. Bc2 Nbc4 15.
Bd3 Nxe3 16. Qxe3 b5 17. a4 Nc4 18. Bxc4 bxc4 19. Ne2 Rb8 20. Rdb1 Rb3 21. Qf4
O-O 22. h4 Qb6 23. Ra2 c3 24. a5 Qb5 25. Nc1 c2 26. Rba1 Rxb2 27. Rxb2 Qxb2 28.
Ra2 Qc3 29. Nd2 Rb8 30. Nf1 Ba3 31. Qd2 Qxd2 32. Nxd2 Bxc1 33. Rxc2 Bxd2 34.
Rxd2 Rb5 35. Ra2 Rb4 36. Rd2 Bb5 37. Rc2 Bc4 38. Kh2 Kf8 39. g4 Ke7 40. Kg3 Kd7
41. Rd2 Rb5 42. f4 Rxa5 43. f5 exf5 44. gxf5 Rb5 45. Kf4 Rb6 46. Rg2 g6 47. f6
h5 48. Kg5 a5 49. Kh6 Bd3 50. Ra2 Rb5 51. Ra3 Be4 52. Kg7 Ke6 53. Rc3 Rb7 54.
Rc6+ Kd7 55. Ra6 a4 56. Kxf7 Bf5 57. e6+ Bxe6+ 58. Rxe6 a3 59. Ra6 Rb3 60. Kg7
a2 61. f7 Rf3 62. f8=Q 1-0

[Event "4NCL/Div3/GUEM vs. OXF3"]
[Site "Hinckley Island ENG"]
[Date "2010.02.21"]
[Round "6.6"]
[White "Langham, Rod E"]
[Black "Smith, David"]
[Result "0-1"]
[WhiteElo "1786"]
[BlackElo "1532"]
[PlyCount "108"]
[EventDate "2010.02.21"]
[SourceDate "2009.10.24"]

1. d4 d5 2. Nf3 Nf6 3. e3 e6 4. Ne5 Nbd7 5. f4 Be7 6. Bd3 c5 7. c3 Ne4 8. Bxe4
dxe4 9. Nd2 Nf6 10. O-O cxd4 11. exd4 Qd5 12. Qe2 b6 13. Re1 Bb7 14. Nf1 O-O
15. Ne3 Qd8 16. f5 Qc8 17. fxe6 Qxe6 18. b3 Bd6 19. N5c4 Ba6 20. g3 Rfe8 21.
Qg2 Bb7 22. Nxd6 Qxd6 23. Nc4 Qd5 24. Be3 Re7 25. Nd2 Ng4 26. Rad1 Rc8 27. Nb1
b5 28. Qe2 f5 29. h3 Nf6 30. Rc1 Rec7 31. Qg2 Qd7 32. Qf2 Nd5 33. Bf4 Rc6 34.
Qd2 Rg6 35. Kh2 Rgc6 36. Rc2 Nb4 37. Rcc1 Nd3 38. Be5 Nxe1 39. Qxe1 Qd5 40. Qe3
h6 41. h4 a5 42. Nd2 Ba6 43. Nb1 a4 44. Nd2 Qe6 45. Kg2 Bb7 46. Kh2 Ba6 47. Kg2
Rd8 48. Kh2 Qe7 49. Nb1 axb3 50. axb3 Qe6 51. Nd2 Ra8 52. Ra1 Bb7 53. Rxa8+
Bxa8 54. Nb1 Qxb3 0-1

[Event "4NCL/Div3/3CS vs. RHYE"]
[Site "Daventry ENG"]
[Date "2010.03.27"]
[Round "7.1"]
[White "Ashton, Adam G"]
[Black "Jones, Richard S"]
[Result "0-1"]
[WhiteElo "2316"]
[BlackElo "2332"]
[PlyCount "102"]
[EventDate "2010.03.27"]
[SourceDate "2009.10.24"]

1. e4 c5 2. Nf3 d6 3. Bc4 Nf6 4. d3 Nc6 5. c3 a6 6. Bb3 Bg4 7. Nbd2 e6 8. h3
Bh5 9. Nf1 d5 10. Ng3 dxe4 11. Nxh5 exf3 12. Nxf6+ Qxf6 13. Qxf3 Qxf3 14. gxf3
Ne5 15. Ke2 Rd8 16. Bc2 Bd6 17. Be3 Ng6 18. Rhg1 O-O 19. Rad1 Nf4+ 20. Kf1 g6
21. d4 c4 22. Bxf4 Bxf4 23. Ke2 Rd5 24. Be4 Rh5 25. Rh1 f5 26. Bxb7 Rb8 27.
Bxa6 Rxb2+ 28. Kf1 Rc2 29. Bxc4 Rxc3 30. Bxe6+ Kf8 31. Ke2 Rc2+ 32. Kf1 Rc3 33.
Ke2 Rc2+ 34. Kd3 Rxf2 35. Bd5 Ke7 36. Rb1 Kd6 37. Rb5 Rd2+ 38. Kc3 Be3 39. Bb3
Rxd4 40. a4 Rf4 41. Rd1+ Kc7 42. Rbd5 Rxh3 43. Rd7+ Kc6 44. R1d6+ Kc5 45. Rd5+
Kc6 46. Bc4 Bc5 47. a5 Rhxf3+ 48. Bd3 Ra4 49. a6 Rxa6 50. Kb2 Rf2+ 51. Kb1 Raa2
0-1

[Event "4NCL/Div3/3CS vs. RHYE"]
[Site "Daventry ENG"]
[Date "2010.03.27"]
[Round "7.2"]
[White "Kett, Timothy J"]
[Black "Longson, Alexander"]
[Result "1/2-1/2"]
[WhiteElo "2240"]
[BlackElo "2249"]
[PlyCount "81"]
[EventDate "2010.03.27"]
[SourceDate "2009.10.24"]

1. e4 e5 2. Nf3 Nc6 3. Bb5 Nf6 4. O-O Nxe4 5. d4 Nd6 6. Bxc6 dxc6 7. dxe5 Nf5
8. Qxd8+ Kxd8 9. Nc3 Bd7 10. b3 Kc8 11. Bb2 a5 12. Rad1 Be7 13. Rfe1 Rd8 14. h3
h5 15. Ne2 a4 16. Nf4 h4 17. e6 Bxe6 18. Rxd8+ Kxd8 19. Nxe6+ fxe6 20. Nd4 Nxd4
21. Bxd4 axb3 22. axb3 Ra2 23. c3 g5 24. Rxe6 c5 25. Bf6 Bxf6 26. Rxf6 Ra1+ 27.
Kh2 Rb1 28. f4 Rxb3 29. c4 gxf4 30. Rxf4 c6 31. Rxh4 b5 32. g4 Ke7 33. Rh7+ Ke6
34. Rh6+ Kd7 35. g5 bxc4 36. Rh4 Rb4 37. g6 Ke7 38. Rh5 Kf6 39. Rxc5 Kxg6 40.
Kg3 Rb5 41. Rxc6+ 1/2-1/2

[Event "4NCL/Div3/3CS vs. RHYE"]
[Site "Daventry ENG"]
[Date "2010.03.27"]
[Round "7.3"]
[White "Bentley, John L"]
[Black "Morris, Gareth L"]
[Result "1/2-1/2"]
[WhiteElo "2237"]
[BlackElo "2147"]
[PlyCount "148"]
[EventDate "2010.03.27"]
[SourceDate "2009.10.24"]

1. e4 c5 2. Nf3 Nc6 3. Bb5 g6 4. Bxc6 dxc6 5. d3 Bg7 6. Nc3 Nf6 7. h3 Nd7 8.
Be3 e5 9. Qd2 b6 10. a3 a5 11. O-O O-O 12. Bh6 Qe7 13. Bxg7 Kxg7 14. Ne2 Rd8
15. Qc3 f6 16. Ng3 Nf8 17. Nh4 Qc7 18. Ne2 Ne6 19. Rae1 Re8 20. Qd2 Nf4 21.
Nxf4 exf4 22. Nf3 Ba6 23. Qc3 h6 24. e5 Qf7 25. exf6+ Qxf6 26. Re5 Rxe5 27.
Nxe5 Re8 28. Re1 Bc8 29. Kf1 Kh7 30. f3 h5 31. Nc4 Rxe1+ 32. Qxe1 Bf5 33. Qe8
b5 34. Ne5 c4 35. dxc4 bxc4 36. c3 Qd6 37. Qh8+ Kxh8 38. Nf7+ Kg7 39. Nxd6 Bd3+
40. Kf2 a4 41. Nb7 g5 42. g3 fxg3+ 43. Kxg3 h4+ 44. Kg2 Kf6 45. Na5 Ke5 46.
Nxc6+ Kf4 47. Nb4 Ke3 48. Nd5+ Kd2 49. Nb6 Kc2 50. Nxa4 Kb3 51. Nb6 Kxb2 52. a4
Kxc3 53. a5 Kd2 54. a6 c3 55. a7 c2 56. a8=Q c1=Q 57. Qa5+ Ke2 58. Qa2+ Qd2 59.
Qxd2+ Kxd2 60. Nd5 Bf5 61. Nf6 Ke3 62. Nd5+ Kd4 63. Nb4 Bd7 64. Nc2+ Ke5 65.
Nb4 Bf5 66. Nc6+ Kf4 67. Nd4 Bc8 68. Nb5 Ba6 69. Nd4 Bc4 70. Kf2 Bd5 71. Ne2+
Ke5 72. Ke3 Be6 73. f4+ gxf4+ 74. Nxf4 Bxh3 1/2-1/2

[Event "4NCL/Div3/3CS vs. RHYE"]
[Site "Daventry ENG"]
[Date "2010.03.27"]
[Round "7.4"]
[White "Spice, Alan P"]
[Black "Lewis, Andrew"]
[Result "1-0"]
[WhiteElo "2169"]
[BlackElo "2050"]
[PlyCount "48"]
[EventDate "2010.03.27"]
[SourceDate "2009.10.24"]

1. Nc3 e6 2. e4 d5 3. d4 Nf6 4. e5 Nfd7 5. f4 c5 6. Nf3 Nc6 7. Be3 a6 8. Qd2 b5
9. dxc5 Bxc5 10. Bxc5 Nxc5 11. Bd3 b4 12. Ne2 Qb6 13. Ned4 Nxd4 14. Nxd4 Bd7
15. Qe3 Rc8 16. O-O O-O 17. Rf3 Nxd3 18. cxd3 f6 19. Rff1 a5 20. Rfc1 a4 21.
Kf1 fxe5 22. Qxe5 Qb8 23. Rxc8 Rxc8 24. Qxb8 Rxb8 {scoresheet illegible} 1-0

[Event "4NCL/Div3/3CS vs. RHYE"]
[Site "Daventry ENG"]
[Date "2010.03.27"]
[Round "7.5"]
[White "Burke, Mitchell R"]
[Black "Trevelyan, John"]
[Result "0-1"]
[WhiteElo "1892"]
[BlackElo "2160"]
[PlyCount "54"]
[EventDate "2010.03.27"]
[SourceDate "2009.10.24"]

1. e4 d6 2. d4 e5 3. Nf3 Nd7 4. Nc3 Ngf6 5. Bc4 Be7 6. O-O O-O 7. Qe2 exd4 8.
Nxd4 Ne5 9. Bb3 c5 10. Nf5 Bxf5 11. exf5 Qd7 12. Nd5 Rae8 13. Ne3 Bd8 14. c3 d5
15. Rd1 d4 16. cxd4 cxd4 17. Qf1 Bb6 18. a4 Rd8 19. a5 Bc5 20. Ba4 Qc7 21. Nc4
d3 22. Nxe5 Qxe5 23. Bg5 Ng4 24. g3 Nxf2 25. Re1 Qd5 26. Qg2 d2 27. Rf1 Nh3+
0-1

[Event "4NCL/Div3/3CS vs. RHYE"]
[Site "Daventry ENG"]
[Date "2010.03.27"]
[Round "7.6"]
[White "Brown, Tom"]
[Black "Manton, Jacob"]
[Result "1/2-1/2"]
[WhiteElo "2055"]
[BlackElo "1786"]
[PlyCount "48"]
[EventDate "2010.03.27"]
[SourceDate "2009.10.24"]

1. d4 e6 2. c4 d5 3. Nc3 Nf6 4. Nf3 Be7 5. Bf4 a6 6. cxd5 exd5 7. e3 O-O 8. Bd3
Nbd7 9. O-O Re8 10. Rc1 b6 11. e4 dxe4 12. Nxe4 Nd5 13. Bg3 Bb7 14. Re1 Rc8 15.
Ne5 Nxe5 16. dxe5 Nb4 17. Bb1 Qxd1 18. Rexd1 Red8 19. a3 Nc6 20. Nc3 Rxd1+ 21.
Rxd1 Rd8 22. e6 Rxd1+ 23. Nxd1 fxe6 24. Bxc7 b5 1/2-1/2

[Event "4NCL/Div3/KJCAK vs. SSC"]
[Site "Daventry ENG"]
[Date "2010.03.27"]
[Round "7.1"]
[White "Jones, William EG"]
[Black "Graham, David B"]
[Result "1/2-1/2"]
[WhiteElo "2097"]
[BlackElo "2207"]
[PlyCount "54"]
[EventDate "2010.03.27"]
[SourceDate "2009.10.24"]

1. e4 e6 2. d4 d5 3. Nc3 Bb4 4. e5 Ne7 5. a3 Bxc3+ 6. bxc3 c5 7. Qg4 O-O 8. Bd3
f5 9. exf6 Rxf6 10. Bg5 Rf7 11. Qh5 g6 12. Qd1 Nbc6 13. Nf3 Qc7 14. dxc5 e5 15.
c4 e4 16. cxd5 exf3 17. d6 Qa5+ 18. Qd2 fxg2 19. Rg1 Qxc5 20. dxe7 Be6 21. Rb1
Nd4 22. Be4 Bf5 23. Rb4 Bxe4 24. Rxd4 Rxe7 25. Bxe7 Qxe7 26. Qe3 Re8 27. Kd2
Qf6 1/2-1/2

[Event "4NCL/Div3/KJCAK vs. SSC"]
[Site "Daventry ENG"]
[Date "2010.03.27"]
[Round "7.2"]
[White "Salimbeni, George PW"]
[Black "Jones, Victor GL"]
[Result "0-1"]
[WhiteElo "2170"]
[BlackElo "2073"]
[PlyCount "62"]
[EventDate "2010.03.27"]
[SourceDate "2009.10.24"]

1. e4 e6 2. d3 c5 3. g3 Nc6 4. Bg2 g6 5. Nd2 Bg7 6. Ngf3 Nge7 7. O-O O-O 8. Re1
d6 9. Nf1 Rb8 10. h4 b5 11. N1h2 e5 12. Ng5 h6 13. Nh3 Be6 14. f4 d5 15. exd5
Nxd5 16. fxe5 Nxe5 17. Nf2 Qc7 18. h5 g5 19. c3 Rbd8 20. Qe2 b4 21. Bd2 Rfe8
22. Rac1 bxc3 23. bxc3 Qb6 24. Rb1 Qa6 25. c4 Ne7 26. Rb5 Nxd3 27. Nxd3 Bxc4
28. Rb7 Bxd3 29. Qf3 Nf5 30. Rxe8+ Rxe8 31. Qd5 Bd4+ 0-1

[Event "4NCL/Div3/KJCAK vs. SSC"]
[Site "Daventry ENG"]
[Date "2010.03.27"]
[Round "7.3"]
[White "Bayliss, Lyall CP"]
[Black "Grant, David J"]
[Result "1/2-1/2"]
[WhiteElo "1960"]
[BlackElo "2066"]
[PlyCount "51"]
[EventDate "2010.03.27"]
[SourceDate "2009.10.24"]

1. e4 c5 2. c3 Nf6 3. e5 Nd5 4. d4 cxd4 5. Nf3 Nc6 6. Bc4 Nb6 7. Bb3 d5 8. exd6
Qxd6 9. O-O Bf5 10. Nxd4 Nxd4 11. Qxd4 Qxd4 12. cxd4 e6 13. Nc3 Bb4 14. Bf4 O-O
15. Rac1 Rfd8 16. Rfd1 Rd7 17. a3 Bd6 18. Bxd6 Rxd6 19. d5 exd5 20. Nxd5 Nxd5
21. Rxd5 Rb6 22. Rxf5 Rxb3 23. Rfc5 g6 24. Rc8+ Rxc8 25. Rxc8+ Kg7 26. Rc2
1/2-1/2

[Event "4NCL/Div3/KJCAK vs. SSC"]
[Site "Daventry ENG"]
[Date "2010.03.27"]
[Round "7.4"]
[White "Norton, David"]
[Black "Lunn, Matthew"]
[Result "1/2-1/2"]
[WhiteElo "2106"]
[BlackElo "1905"]
[PlyCount "55"]
[EventDate "2010.03.27"]
[SourceDate "2009.10.24"]

1. Nf3 g6 2. d4 Nf6 3. Nc3 d5 4. Bf4 Bg7 5. e3 O-O 6. Be2 Nbd7 7. Ne5 c6 8. O-O
Nxe5 9. Bxe5 Be6 10. Na4 Nd7 11. Bxg7 Kxg7 12. b3 b6 13. c4 f6 14. Qd2 Bf7 15.
Rfd1 Rc8 16. Nc3 e6 17. b4 dxc4 18. Bxc4 Qe7 19. Rab1 Rfd8 20. Qb2 e5 21. d5
cxd5 22. Nxd5 Bxd5 23. Bxd5 Nf8 24. h3 Rc7 25. Rd2 Rcd7 26. Rbd1 Ne6 27. Bc4
Rxd2 28. Rxd2 1/2-1/2

[Event "4NCL/Div3/KJCAK vs. SSC"]
[Site "Daventry ENG"]
[Date "2010.03.27"]
[Round "7.5"]
[White "Gahir, Jasdeep"]
[Black "Payne, Matthew J"]
[Result "1/2-1/2"]
[WhiteElo "1765"]
[BlackElo "1871"]
[PlyCount "90"]
[EventDate "2010.03.27"]
[SourceDate "2009.10.24"]

1. e4 e6 2. d4 d5 3. Nc3 Nc6 4. Nf3 Nf6 5. e5 Ne4 6. Ne2 f6 7. Ng3 Be7 8. Bb5
Bd7 9. O-O O-O 10. Qe2 f5 11. c4 a6 12. cxd5 axb5 13. dxc6 Bxc6 14. Rd1 Qd5 15.
Nxe4 fxe4 16. Ne1 Bh4 17. Be3 Rxa2 18. Rxa2 Qxa2 19. g3 Be7 20. Ng2 Qb3 21. Ra1
Bd5 22. Nf4 Bc4 23. Qg4 Qxb2 24. Rd1 Qb3 25. Nh5 Rf7 26. Ra1 Qb2 27. Ra8+ Bf8
28. h4 Be2 29. Qxe6 Bxh5 30. Rxf8+ Kxf8 31. Qc8+ Ke7 32. Qxc7+ Ke6 33. Qc8+ Rd7
34. d5+ Kxd5 35. Qxd7+ Kc4 36. Qc7+ Kd3 37. Qd7+ Ke2 38. g4 Qa1+ 39. Kg2 Qf1+
40. Kh2 Bg6 41. Qxb5+ Ke1 42. Bd2+ Kxf2 43. Qc5+ Ke2 44. Qc4+ Kf2 45. Be3+ Ke1
1/2-1/2

[Event "4NCL/Div3/KJCAK vs. SSC"]
[Site "Daventry ENG"]
[Date "2010.03.27"]
[Round "7.6"]
[White "Yates, Christopher"]
[Black "Maguire, Robert"]
[Result "0-1"]
[WhiteElo "1850"]
[BlackElo "1825"]
[PlyCount "82"]
[EventDate "2010.03.27"]
[SourceDate "2009.10.24"]

1. d4 Nf6 2. c4 g6 3. Nc3 Bg7 4. e4 d6 5. Be2 O-O 6. f4 c5 7. Nf3 cxd4 8. Nxd4
Nc6 9. Be3 Bg4 10. Nxc6 Bxe2 11. Nxd8 Bxd1 12. Rxd1 Rfxd8 13. Bd4 a6 14. O-O
Rac8 15. b3 e6 16. f5 Ne8 17. Bxg7 Kxg7 18. fxe6 fxe6 19. Rf3 Nf6 20. Rfd3 Ne8
21. e5 Rc5 22. exd6 b5 23. Ne4 Re5 24. Rd4 Nf6 25. Nxf6 Kxf6 26. Rf1+ Kg7 27.
cxb5 Rxb5 28. d7 Rd5 29. Rfd1 R8xd7 30. Rxd5 exd5 31. Kf2 Kf6 32. Rd2 Ke5 33.
Ke3 Rf7 34. g3 g5 35. Re2 d4+ 36. Kd2+ Kd5 37. Kd3 h5 38. b4 Rf3+ 39. Kd2 Ra3
40. Kc1 d3 41. Rd2 Kd4 0-1

[Event "4NCL/Div3/WWKS2 vs. E2E42"]
[Site "Daventry ENG"]
[Date "2010.03.27"]
[Round "7.1"]
[White "Webster, Paul"]
[Black "Compton, Alistair"]
[Result "1/2-1/2"]
[WhiteElo "2106"]
[BlackElo "2061"]
[PlyCount "81"]
[EventDate "2010.03.27"]
[SourceDate "2009.10.24"]

1. d4 e6 2. Nf3 d5 3. c4 c5 4. cxd5 exd5 5. g3 Nc6 6. Bg2 Nf6 7. O-O Be7 8. Nc3
O-O 9. h3 Re8 10. Be3 c4 11. Ne5 Bb4 12. Nxc6 bxc6 13. Bg5 Bf5 14. Kh2 h6 15.
Bxf6 Qxf6 16. Rc1 Rab8 17. Na4 Qe6 18. e3 Qf6 19. Bf3 Bd3 20. Rg1 h5 21. h4 Bd6
22. Kg2 g6 23. b3 Qf5 24. bxc4 dxc4 25. Bxc6 Rec8 26. Bf3 Ba3 27. Nc3 Bxc1 28.
Qxc1 Qa5 29. Rd1 Kg7 30. e4 Qb6 31. Qe3 Rd8 32. Nd5 Qb2 33. e5 Rb5 34. Qf4
Rdxd5 35. Qf6+ Kg8 36. e6 Rf5 37. exf7+ Kf8 38. Qh8+ Kxf7 39. Re1 Rb8 40. Qh7+
Kf8 41. Qh8+ 1/2-1/2